|
|
|
|
| LEADER |
00000nam a2200000 a 4500 |
| 001 |
vtls008371107 |
| 003 |
SK-MaSNL |
| 005 |
20260301043142.0 |
| 008 |
251124s1928 xo slo |
| 015 |
|
|
|a SKSNBA19191938-002453
|
| 035 |
|
|
|a SK01SNKBSKHR20020063324
|
| 035 |
|
|
|a SKM000065787
|
| 040 |
|
|
|a SNK
|b slo
|c SNK
|e AACR2
|
| 041 |
1 |
|
|a slo
|h ger
|
| 044 |
|
|
|a xo
|
| 080 |
|
|
|a 830-3
|2 1981
|
| 100 |
0 |
|
|a F. S.
|4 aut
|9 324410
|
| 245 |
1 |
0 |
|a Väzeň morského zbojníka
|b historická rozprávka z časov mohamedánskych morských zbojníkov
|c F.S. ; poslov. M.N. Vavrová : dľa 15. nem. vyd. S 6 obr.
|
| 260 |
|
|
|a Trnava
|b [s.n.]
|c 1928
|e Ružomberok
|f Lev
|
| 300 |
|
|
|a 80 s.
|c 8°
|
| 490 |
0 |
|
|a Z ďalekých krajov : historické rozprávky s obrázkami
|v č. 11
|
| 500 |
|
|
|a Ilustr. ob.
|
| 650 |
0 |
7 |
|a rozprávky nemecké
|2 SNK
|9 288815
|
| 655 |
|
7 |
|a umelecká literatúra
|2 SNKPH
|9 60405
|
| 700 |
1 |
|
|a Vavrová, M.N.
|4 trl
|9 347528
|
| 830 |
|
0 |
|a Z ďalekých krajov : historické rozprávky s obrázkami
|9 346476
|
| 852 |
|
|
|a Slovenská národná knižnica v Martine
|b 10000
|h MS SD 2569/11
|
| 852 |
|
|
|a Univerzitná knižnica v Bratislave
|b 300000
|h SG 1188/11
|
| 852 |
|
|
|a Univerzitná knižnica v Bratislave
|b 300000
|h XXB 301/11
|
| 958 |
|
|
|a OND
|
| 958 |
|
|
|a RK
|
| 958 |
|
|
|a TL
|
| 999 |
|
|
|c 592824
|d 594754
|
| 952 |
|
|
|a SNK
|b SNK
|y VYP
|7 0
|p 17A0507749
|o snkSD 2569/11 D1
|i snkKSF 2642/56
|0 0
|1 0
|4 0
|d 2006-05-20
|l 0
|r 2026-02-23 15:29:45
|w 2026-02-23
|
| 952 |
|
|
|a SNK
|b SNK
|y VYP
|7 0
|p 17A0507751
|o snkSD 2569/11 D2
|i snkK 3110/72
|0 0
|1 0
|4 0
|d 2006-05-20
|l 0
|r 2026-02-23 15:29:46
|w 2026-02-23
|